|
|
|
|
| LEADER |
01390nam a22003371 4500 |
| 001 |
33754 |
| 003 |
BD-DhAAL |
| 005 |
20211207114601.0 |
| 008 |
180916t1965 ncu 000 0 eng |
| 999 |
|
|
|c 39471
|d 39471
|
| 010 |
|
|
|a 65023140
|
| 020 |
|
|
|a 9780807873274
|
| 035 |
|
|
|a (OCoLC)14141972
|
| 040 |
|
|
|a DLC
|c CoFS
|d OYU
|d ODaWU
|d DLC
|d BD-DhAAL
|
| 042 |
|
|
|a premarc
|
| 050 |
0 |
0 |
|a HC107.A13
|b C67
|
| 082 |
|
|
|a 330.975
|
| 100 |
1 |
|
|a Colberg, Marshall Rudolph,
|d 1913-
|9 28196
|
| 245 |
1 |
0 |
|a Human capital in southern development,
|b 1939-1963 /
|c Marshall R. Colberg.
|
| 260 |
|
|
|a Chapel Hill,
|b Univ. of North Carolina Press,
|c c1965.
|
| 300 |
|
|
|a xv, 136 pages ;
|c 24 cm.
|
| 504 |
|
|
|a Bibliographical footnotes.
|
| 526 |
|
|
|a ESS
|
| 541 |
|
|
|a Trim Education
|e 33754, 33755
|
| 650 |
|
0 |
|a Labor supply
|z Southern States.
|9 28197
|
| 650 |
|
0 |
|a Economics.
|9 43492
|
| 651 |
|
0 |
|a Southern States
|x Economic conditions
|y 1918-
|9 28198
|
| 852 |
|
|
|a Ayesha Abed Library
|c General Stacks
|
| 942 |
|
|
|2 ddc
|c CR
|
| 952 |
|
|
|0 0
|1 0
|2 ddc
|4 0
|6 330_975000000000000_COL
|7 0
|9 64337
|a BRACUL
|b BRACUL
|c GEN
|d 2018-09-09
|e Trim Education
|g 2901.00
|l 2
|m 11
|o 330.975 COL
|p 3010033754
|r 2023-08-17
|s 2022-12-14
|t 1
|v 2901.00
|w 2018-09-09
|y BK
|
| 952 |
|
|
|0 0
|1 0
|2 ddc
|4 0
|6 330_975000000000000_COL
|7 0
|9 64338
|a BRACUL
|b BRACUL
|c GEN
|d 2018-09-09
|e Trim Education
|g 2901.00
|l 0
|o 330.975 COL
|p 3010033755
|r 2018-09-09
|t 2
|v 2901.00
|w 2018-09-09
|y BK
|